Science & society

Bibliographic Details
Format: Electronic Journal
Language:English
Published: New York, N.Y. : Science and Society, Inc., 1936-
Subjects:
Online Access:Full text available from Research Library: 04/01/1994 to 10/31/2017

MARC

LEADER 00000nas a2200000 a 4500
001 ssj0001999
003 WaSeSS
005 20200512172242.0
006 m d
007 cr n
008 010811c19369999nyuqr p s 0 a0eng c
010 |a  2008201925 
016 7 |a 2042611-2  |2 DE-600 
022 |a 1943-2801  |l 0036-8237  |y 0036-8237 
035 |a (WaSeSS)ssj0001999 
037 |b Guilford Publications, Inc., 72 Spring Street, New York, NY 10012 
040 |a F#A  |b eng  |c F#A  |d OCLCQ  |d OCL  |d OCLCS  |d DLC  |d EEM  |d OCLCQ  |d EYM  |d DLC  |d OCLCQ  |d OCLCF  |d OCLCO  |d OCLCQ  |d VT2  |d SFB  |d WaSeSS 
042 |a pcc  |a nsdp 
050 1 4 |a H1 
082 1 0 |a 300  |2 14 
130 0 |a Science & society (New York, N.Y. : 1936 : Online) 
222 0 |a Science & society  |b (New York, N.Y. 1936. Online) 
245 1 0 |a Science & society  |h [electronic resource]. 
246 3 |a Science and society 
260 |a New York, N.Y. :  |b Science and Society, Inc.,  |c 1936- 
310 |a Quarterly 
362 0 |a Vol. 1, no. 1 (fall 1936)- 
500 |a "A journal of Marxist thought and analysis." 
500 |a Title from cover (JSTOR, viewed Oct. 7, 2010). 
506 |a License restrictions may limit access. 
538 |a Mode of access: World Wide Web. 
588 |a Latest issue consulted: Vol. 72, no. 2 (Apr. 2008) (viewed July 14, 2008). 
650 0 |a Social sciences  |v Periodicals. 
650 0 |a Socialism  |v Periodicals. 
650 7 |a Social sciences.  |2 fast  |0 (OCoLC)fst01122877 
650 7 |a Socialism.  |2 fast  |0 (OCoLC)fst01123637 
655 0 |a Electronic journals. 
776 0 8 |i Print version:  |t Science & society  |x 0036-8237  |w (DLC) 40010163  |w (OCoLC)1644619 
787 0 8 |i Selected articles also issued as:  |t Science & society reader  |x 2324-920X  |w (DLC) 2012204177  |w (OCoLC)811615021 
856 4 0 |z Full text available from Research Library: 04/01/1994 to 10/31/2017  |u https://search.proquest.com/publication/42081